000 01014pam a2200253 a 4500
001 3924732
005 19931008101424.1
008 921029s1993 enka 001 0 eng
010 _a 92038960
020 _a0412476401 (alk. paper)
040 _aDLC
_cDLC
_dDLC
050 0 0 _aTJ265
_b.S494 1993
082 0 0 _a621.4021
_220
_bSHE
100 1 _aSherwin, Keith.
_96155
245 1 0 _aIntroduction to thermodynamics /
_cKeith Sherwin.
250 _a1st ed.
260 _aLondon ;
_aNew York :
_bChapman & Hall,
_c1993.
300 _aviii, 309 p. :
_bill. ;
_c25 cm.
504 _aIncludes bibliographical references (p. 306) and index.
650 0 _aThermodynamics.
_96156
942 _2ddc
_cBB
999 _c11826
_d11826